| 000 | 00897nam a22002537a 4500 | ||
|---|---|---|---|
| 005 | 20240530110448.0 | ||
| 008 | 150502s2010 ua f b 000 0 ara d | ||
| 017 |
_a2010/21950 _bمصر . دار الكتب المصرية |
||
| 020 | _a9789774950629 | ||
| 040 | _aEG-CaGPL | ||
| 082 | 0 | 4 |
_221 _a923.2 _bق/م ر |
| 100 | 0 | _aمحمد مؤنس عوض | |
| 245 | 1 | 0 |
_aرحلة الى صلاح الدين الايوبى / _cمحمد مؤنس عوض |
| 250 | _aط1 | ||
| 260 |
_aالقاهرة : _bدار العالم العربى ، _c2011 . |
||
| 300 |
_a136 ص ؛ _c20 سم |
||
| 490 | 0 | _aسلسلة اعرف كل شئ | |
| 504 | _aببليوجرافية : ص 124 - 136 | ||
| 600 | 0 | 4 |
_aصلاح الدين الايوبى _vتراجم |
| 650 | 0 | 4 |
_aالرجال _vتراجم |
| 650 | 0 | 4 |
_aالسياسيون _vتراجم |
| 942 |
_2ddc _cBK |
||
| 999 |
_c61192 _d61192 |
||